| 000 | 01058nam a2200277 i 4500 | ||
|---|---|---|---|
| 001 | 178561 | ||
| 003 | ES-MaACL | ||
| 005 | 20250624062535.0 | ||
| 008 | 110607s1983 sp |||| | spa d | ||
| 020 | _a84-7483-395-7 | ||
| 080 | _a821.134.2-2 | ||
| 245 | 0 | 0 |
_aTeatro español. _nX. |
| 260 |
_aMadrid : _bMinisterio de Cultura, Subdirección General de Estudios y Coordinación, _cD. L. 1983. |
||
| 300 |
_a348 p. ; _c21 cm. |
||
| 505 | 8 | _aContiene: Don Juan Tenorio / José Zorrilla. Angelina o el honor de un brigadier / Enrique Jardiel Poncela. Divinas palabras / Ramón del Valle-Inclán | |
| 650 | 4 |
_aTeatro español- _yS.XIX. _917346 |
|
| 650 | 4 |
_aTeatro español- _yS.XX. _917356 |
|
| 700 | 1 |
_aZorrilla, José, _d1817-1893 _9118354 |
|
| 700 | 1 |
_aJardiel Poncela, Enrique. _966113 |
|
| 700 | 1 |
_aValle-Inclán, Ramón del, _d1866-1936 _9112796 |
|
| 740 | 0 | 2 | _aDon Juan Tenorio. |
| 740 | 0 | 2 | _aAngelina o el honor a un brigadier. |
| 740 | 0 | 2 | _aDivinas palabras. |
| 852 |
_aES-MaACL _jE-15337 _xOlim P-247 |
||
| 999 |
_c178561 _d178561 |
||